=LDR 00000nam 2200000 4500 =001 INLIS000000000002639 =005 20200826082139 =035 ##$$a 0010-061300000002639 =008 200826################g##########0#ind## =041 ##$$a Ind =082 ##$$a 2x9.8 =090 ##$$a 92(Al-Ghazali), Smi p =100 1#$$a Smith, Margareth =245 1#$$a Pemikiran dan doktrin mistis Imam Al-Ghazali /$c Margareth Smith. M.A, Ph.D.; penerjemh, Amrouni =260 ##$$a Jakarta :$b Riora Cipta,$c 2000 =300 ##$$a vii, 281 hlm. ; $c 20 x 14 cm. =650 #4$$a Al-Ghazali, Imam =850 ##$$a NBPNMAT =020 ##$$a 979-95936-0-3 =084 ##$$a 2x9.8 SMI p =250 ##$$a cet. 1 =700 #$$a Amrouni =520 ##$$a Bibliografi hlm. 271-275 =520 ##$$a Indeks hlm. 277-281 =990 ##$$a 00056074 =990 ##$$a DW00010694 =990 ##$$a DW00010695 =990 ##$$a DW00011106 =990 ##$$a DW00011107 =990 ##$$a 160.674/pb-2001 =990 ##$$a 160.672 pb. 2001 =990 ##$$a 160.671/pb.2001